द पॉवर ऑफ युअर सबकॉन्शस माइंड (Record no. 1222225)

MARC details
000 -LEADER
fixed length control field 00486nam a2200169Ia 4500
008 - FIXED-LENGTH DATA ELEMENTS--GENERAL INFORMATION
fixed length control field 260520s2022 xx 000 0 und d
020 ## - INTERNATIONAL STANDARD BOOK NUMBER
International Standard Book Number 9789394266070
041 ## - LANGUAGE CODE
Language code of text/sound track or separate title mar
082 ## - DEWEY DECIMAL CLASSIFICATION NUMBER
Classification number 154.2/MUR
100 ## - MAIN ENTRY--PERSONAL NAME
Personal name मर्फी, जोसेफ
245 ## - TITLE STATEMENT
Title द पॉवर ऑफ युअर सबकॉन्शस माइंड
250 ## - EDITION STATEMENT
Edition statement 1st ed
260 ## - PUBLICATION, DISTRIBUTION, ETC.
Place of publication, distribution, etc. Pune
Name of publisher, distributor, etc. New Era Publishing House
Date of publication, distribution, etc. 2022
300 ## - PHYSICAL DESCRIPTION
Extent 207p.
500 ## - GENERAL NOTE
General note Cat No: 15150
650 ## - SUBJECT ADDED ENTRY--TOPICAL TERM
Topical term or geographic name entry element PSYCHOLOGY
Holdings
Withdrawn status Lost status Damaged status Not for loan Collection Home library Current library Shelving location Date acquired Source of acquisition Cost, normal purchase price Total Checkouts Full call number Barcode Date last seen Price effective from Koha item type Public note
          Dr.Patangrao Kadam Mahavidyalaya, Sangli Dr.Patangrao Kadam Mahavidyalaya, Sangli   10/04/2026 Bharati Madhyavarti Sahakari Grahak Bhandar, Pune (Best Book Supplier, Kolhapur) 250.00   154.2/MUR PKS-J-4180 27/05/2026 27/05/2026 Book General book section